LEADER 02499nam 2200673Ia 450 001 9910458511603321 005 20200520144314.0 010 $a0-19-756015-6 010 $a1-280-52449-9 010 $a1-4237-6425-0 010 $a0-19-536282-9 010 $a1-60129-757-2 035 $a(CKB)1000000000363390 035 $a(EBL)271400 035 $a(OCoLC)228170327 035 $a(SSID)ssj0000148207 035 $a(PQKBManifestationID)11150595 035 $a(PQKBTitleCode)TC0000148207 035 $a(PQKBWorkID)10018609 035 $a(PQKB)11709580 035 $a(MiAaPQ)EBC4702265 035 $a(MiAaPQ)EBC271400 035 $a(StDuBDS)EDZ0002342227 035 $a(Au-PeEL)EBL271400 035 $a(CaPaEBR)ebr10142135 035 $a(OCoLC)935260518 035 $a(EXLCZ)991000000000363390 100 $a19900927d1991 uy 0 101 0 $aeng 135 $aur|n|---||||| 181 $ctxt 182 $cc 183 $acr 200 00$aEnvironment, cognition, and action$b[electronic resource] $ean integrated approach /$fedited by Tommy Ga?rling, Gary W. Evans 210 $aNew York $cOxford University Press$d1991 215 $a1 online resource (368 p.) 225 1 $aOxford scholarship online 300 $aPrevious edition issued in print: 1991. 311 $a0-19-506220-5 320 $aIncludes bibliographical references and index. 327 $aContents; 1. Environment, Cognition, and Action: The Need for Integration; I: The Impact of the Physical Environment; II: Psychological Processes; III: Life-Span Development; IV: Summary and Conclusion; Name Index; Subject Index 330 8 $aHow do human beings comprehend, evaluate and utilize the physical environments they inhabit? In this edited volume, a distinguished group of international contributers examines in detail the interconnections between what we know about, feel and hope to accomplish in real world environments. 410 0$aOxford scholarship online. 606 $aEnvironmental psychology 606 $aPsychology 608 $aElectronic books. 615 0$aEnvironmental psychology. 615 0$aPsychology. 676 $a153.4 676 $a155.91 701 $aGa?rling$b Tommy$0965461 701 $aEvans$b Gary W$g(Gary William),$f1948-$0965462 801 0$bMiAaPQ 801 1$bMiAaPQ 801 2$bMiAaPQ 906 $aBOOK 912 $a9910458511603321 996 $aEnvironment, cognition, and action$92190422 997 $aUNINA LEADER 01022nlm 2200265Ia 450 001 996539772303316 005 20230718124613.0 100 $a19840414d1674---- uy | 101 0 $aeng 102 $aUK 135 $adrcnu 200 1 $a<> innocent lady, or, The illustrious innocence$ebeing an excellent true history, and of modern times carried with handsome conceptions all along$fwritten originally in French by the learned Father de Ceriziers of the Company of Jesus ; and now rendered into English by Sir William Lower, knight 210 1 $aLondon$cPrinted for William Lee$d1674 215 $aTesto elettronico (PDF) ( [20], 150 p.) 230 $aBase dati testuale 606 0 $aSanti$2BNCF 676 $a200.92 700 1$aCERISIERS,$bRene? de$f1609-1662.$01017508 701 1$aLOWER,$bWilliam$cSir,$f1600?-1662.$01002904 801 0$aIT$bcba$cREICAT 912 $a996539772303316 959 $aEB 969 $aER 996 $aInnocent lady, or, The illustrious innocence$93396493 997 $aUNISA